00803nam a2200193 a 450000100100000000500170001000800410002702000150006804000250008308200130010824501770012126000390029830000280033750400320036570000400039771000440043795201110048199900170059200004277320201002040403.0140207s2004 sp a 000 0 spa d a8495163918 aDO-SdBNPbspacBNPHU axxxbxxx00aBilbao a tráves de su historia 2004 :bciclo de conferencias commemorativo del 700 Aniversario de la fundación de la villa de Bilbao /cedición Javier Tusell Gómez. aBilbao :bFundación BBVA,c2004. a210 p. :bil. ;c24 cm. aBibliografía : p. 152-1531 aTusell Gómez, Javier.eed.97011612aFundación Banco Bilbao Vizcaya970117 001050718MOaGRbGRcCTd2014-02-07iLF1l0oxxx xxxp42773-10r2020-06-25w2020-06-25y1ZNo se presta c42262d42262